书目信息 |
| 题名: |
娱乐生活
|
|
| 作者: | 王先进 著 | |
| 分册: | ||
| 出版信息: | 合肥 中国科学技术大学出版社 2018.3 |
|
| 页数: | 239页 | |
| 开本: | 15cm | |
| 丛书名: | 漫画版中国传统社会生活 | |
| 单 册: | ||
| 中图分类: | G241.3-49 | |
| 科图分类: | ||
| 主题词: | 休闲娱乐--中国--通俗读物 | |
| 电子资源: | ||
| ISBN: | 978-7-312-04373-4 | |
| 000 | 01346nam0 2200265 450 | |
| 001 | 012018055591 | |
| 005 | 20200514145253.8 | |
| 010 | @a978-7-312-04373-4@dCNY40.00 | |
| 100 | @a20200514d2018 em y0chiy0110 ea | |
| 101 | 0 | @achi |
| 102 | @aCN@b340000 | |
| 105 | @af z 000zy | |
| 106 | @ar | |
| 200 | 1 | @a娱乐生活@9Yu Le Sheng Huo @f王先进著 |
| 210 | @a合肥@c中国科学技术大学出版社@d2018.3 | |
| 215 | @a239页@d15cm | |
| 225 | 2 | @a漫画版中国传统社会生活 |
| 330 | @a娱乐生活是人类社会活动的内容之一,起源于人们的生产劳动和其他社会实践,伴随着社会的进步不断地发展完善,形成了自发性、群众性、多样性和文化性等特点,成为我国文化宝库中一颗璀璨的明珠,同时它又是一个展示各个历史时期社会精神面貌的重要窗口。中华民族自古就是一个热爱生活、善于创造生活的民族。书写中华古老的娱乐生活史,是弘扬中华民族悠久灿烂文化不可或缺的组成部分。本书从乐舞百戏、博弈娱乐、体育娱乐、节庆娱乐、休闲雅趣、儿童游艺六个层面对中国传统民众娱乐生活的点滴进行了描绘,集知识性、趣味性、娱乐性于一体,雅俗共赏,展现了个人与群体喜怒哀乐的感情宣泄与向往追求,富有时代意义,能够给人以文化感触和生活启迪。 | |
| 461 | 0 | @1200 @a漫画版中国传统社会生活 |
| 606 | 0 | @a休闲娱乐@y中国@x通俗读物 |
| 690 | 0 | @aG241.3-49@v5 |
| 701 | 0 | @a王先进@9Wang Xian Jin @4著 |
| 801 | 0 | @aCN@b(网众)采访数据@c20200514 |
| 801 | 0 | @aCN@bBJXHZP@c20230228 |
| 905 | @b1402946-9@dG241.3-49@e39@f4 | |
| 娱乐生活/王先进著.-合肥:中国科学技术大学出版社,2018.3 |
| 239页;15cm.-(漫画版中国传统社会生活) |
| ISBN 978-7-312-04373-4:CNY40.00 |
| 娱乐生活是人类社会活动的内容之一,起源于人们的生产劳动和其他社会实践,伴随着社会的进步不断地发展完善,形成了自发性、群众性、多样性和文化性等特点,成为我国文化宝库中一颗璀璨的明珠,同时它又是一个展示各个历史时期社会精神面貌的重要窗口。中华民族自古就是一个热爱生活、善于创造生活的民族。书写中华古老的娱乐生活史,是弘扬中华民族悠久灿烂文化不可或缺的组成部分。本书从乐舞百戏、博弈娱乐、体育娱乐、节庆娱乐、休闲雅趣、儿童游艺六个层面对中国传统民众娱乐生活的点滴进行了描绘,集知识性、趣味性、娱乐性于一体,雅俗共赏,展现了个人与群体喜怒哀乐的感情宣泄与向往追求,富有时代意义,能够给人以文化感触和生活启迪。 |
| ● |
| 相关链接 |
|
|
|
|
正题名:娱乐生活
索取号:G241.3-49/39
 
预约/预借
| 序号 | 登录号 | 条形码 | 馆藏地/架位号 | 状态 | 备注 |
| 1 | 1402946 | 214029460 | 第一样本阅览室/ [索取号:G241.3-49/39] | 在馆 | |
| 2 | 1402947 | 214029479 | 第四借阅区/ [索取号:G241.3-49/39] | 在馆 | |
| 3 | 1402948 | 214029488 | 第四借阅区/ [索取号:G241.3-49/39] | 在馆 | |
| 4 | 1402949 | 214029497 | 第四借阅区/ [索取号:G241.3-49/39] | 在馆 |